| 000 | 00836nam a22002417a 4500 | ||
|---|---|---|---|
| 003 | UA-OsUOA | ||
| 001 | 69674 | ||
| 007 | ta | ||
| 008 | 20100705b un ||||| |||| 00| 0 ukr d | ||
| 100 | _aДячкін О. П. | ||
| 090 |
_a343.37 _bД99 |
||
| 942 | _cBK | ||
| 040 |
_aUA-OsUOA _bukr _cUA-OsUOA _dUA-OsUOA |
||
| 245 |
_aКримінальна відповідальність за посягання на електричні мережі, кабельні лінії зв'язку та їх обладнання _bмонографія |
||
| 300 | _a116 с. | ||
| 955 | _a2 | ||
| 041 | _aukr | ||
| 080 | _a343.37 | ||
| 020 | _a978-966-383-136-7 | ||
| 260 |
_aДніпропетровськ _bЛіга ЛТД _c2007 |
||
| 650 | 7 |
_a343 Кримінальне право. Карні порушення _2UDC |
|
| 999 |
_c355970 _d355970 |
||